Domande sulla Serie A - Statistics

Statistiche generali
  • Questo quiz è stato fatto 242 volte
  • Il punteggio medio è 6 su 10
Statistiche sulle risposte
Hint Risposta % Corretto
Chi è il miglior marcatore per la Roma nel torneo? Francesco Totti
93%
Con quanti punti la Juventus vinse il campionato 2013/14? 102
89%
Con quanti punti il Napoli arrivò secondo nella stagione 2017/18? 91
81%
Chi è il miglior marcatore per il Napoli nel torneo? Dries Mertens
78%
Chi sono i due giocatori con più gol in una singola stagione? Gonzalo Higuain, Ciro Immobile
76%
Quale giocatore, secondo alcuni, sarebbe dovuto essere espulso per un fallo su Rafinha in un Inter-Juventus del 2018? Miralem Pjanic
68%
Chi era l'allenatore del Chievo Verona alla sua prima stagione in Serie A (2001/02)? Luigi Del Neri
55%
In che stagione si disputò il primo campionato di Serie A a girone unico? 1929/1930
40%
Per quanti minuti Gianluigi Buffon mantenne consecutivamente la porta inviolata nella stagione 2015/16 stabilendo un nuovo record? 973
13%
Quale squadra vinse il primo campionato di Serie A a girone unico? Ambrosiana (Inter)
11%
Nessun quiz corrispondente trovato
Distribuzione punteggi
Percentuale di utenti per punteggio
Percentile per numero di risposta
I tuoi punteggi nel tempo
Non hai fatto questo quiz